000 00961nam a2200265 i 4500
001 10433
003 ES-MaACL
005 20250808062708.0
007 t|
008 950615s1993 sp ||||1| spa d
020 _a84-7914-078-X
080 _a262.5 Vaticano II
111 2 _aConcilio Vaticano (
_n2º.
_d1962-1965)
_9122
245 1 0 _aConcilio Ecuménico Vaticano II
_b: constituciones, decretos, declaraciones /
_cpresentación de Ángel Suquía Goicoechea.
250 _aEd. bilingüe patrocinada por la Conferencia Episcopal Española.
260 _aMadrid :
_bBiblioteca de Autores Cristianos,
_c1993.
300 _aXL, 1295 p.,1 h. ;
_c20 cm.
490 1 _aBiblioteca de autores cristianos ;
_v526
500 _aÍndices.
500 _aTexto en latín y español.
700 1 _aSuquía Goicoechea, Ángel.
_9108809
830 0 0 _aBiblioteca de autores cristianos
_v526
_9178679
852 _aES-MaACL
_jJ-513
_9R.46092
999 _c10433
_d10433